00723nam a2200181 a 450000100100000000500170001000800410002702000150006804000250008308200150010810000410012324501120016426000410027630000210031750000730033895201130041199900170052400004400420201002045103.0140513s1977 sp 000 0 spa d a8470800256 aDO-SdBNPbspacBNPHU axxxxbxxxx1 aGómez Pin, Víctor,d1944-92363410aExploración de la alteridad :blo escindido y lo entero en la lógica hegeliana /cVíctor Gómez Pin. aBarcelona :bLa Gaya Ciencia,c1977. a157 p. ;c22 cm. aIncluye referencias bibliográficas y notas al pie de las páginas 001050718MOaGRbGRcCTd2014-05-13iLF1l0oxxxx xxxxp44004-10r2020-06-25w2020-06-25y1ZNo se presta c43493d43493